000 00715 a2200193 4500
003 Nust
005 20230608125131.0
010 _a9582268
020 _a0070491062
040 _cNust
082 _a005.74,OLE
100 _aJ.O'Leary, Timothy
_9113095
245 _aMicrosoft Access 7.0 a for Windows 95 /
_cTimothy J.O'Leary & Linda I.O'Leary
260 _aSingapore
_bMcGraw Hill
_c1996
300 _a239 p
505 _aCreating a Database (Page-Db8), Modifying a Table and Creating a form (Page-Db58), Filtering and Querying Tables (Page-Db114), Creating and Modifying Reports (Page-Db156), Sharing Information Between Applications (Page-Db192).
651 _aMicrosoft Access
_9113096
942 _2ddc
_cBKB
999 _c180164
_d180164